000 00575nam a2200205 4500
020 _a9788195861972
082 _aM301 07
_bJIT/M
100 _aJitha T H
245 _aMalayala cherukathayile penperuma/
_cby Jitha T H
260 _aShukapuram:
_bVallathol Vidyapeetham,
_c2023.
300 _a245p.
650 _aStories Sara Joseph Study
650 _aStories Gracy Study
650 _aStories Chandramathy Study
650 _aStories Priya A S Study
650 _aStories Malayalam Study
650 _aLiterature Malayalam
650 _aLiterature
942 _cBK
999 _c181903
_d181903